Hrvatski klubovi - Statistics

General Stats
  • This quiz has been taken 187 times
  • The average score is 27 of 112
Answer Stats
Answer % Correct
Rijeka
92%
Dinamo Zagreb
90%
Hajduk Split
89%
Osijek
88%
Varaždin
85%
Istra 1961
79%
Gorica
76%
Šibenik
76%
Slaven Belupo
76%
Lokomotiva
73%
Zadar
66%
Rudeš
64%
Vukovar 1991
64%
RNK Split
51%
Cibalia Vinkovci
47%
GOŠK-Dubrovnik 1919
47%
Dubrava Tim Kabel
45%
Karlovac 1919
44%
Hrvatski Dragovoljac
42%
Orijent
41%
Opatija
39%
Zrinski Osječko 1664
38%
Sesvete
37%
Dugopolje
35%
Marsonia
34%
Croatia Zmijavci
31%
Jarun
31%
Varteks Varaždin
31%
Solin
30%
Bjelovar
29%
BSK Bijelo Brdo
27%
Krk
27%
Trnje
27%
Belišče
26%
Crikvenica
26%
Međimurje Čakovec
26%
Neretva Metković
25%
Rovinj - CC Rovigno
24%
Kamen Podbablje
23%
Koprivnica
23%
Segesta
23%
Dugo Selo
21%
Lučko
21%
Maksimir
21%
Trešnjevka
21%
Virovitica
21%
Kustošija
20%
Đakovo Croatia
19%
Uljanik Pula
19%
HAŠK Zagreb
18%
Omiš
18%
Samobor
18%
Jadran Luka Ploče
17%
Junak Sinj
16%
NAŠK Našice
16%
Pomorac 1921
16%
Cres
15%
Hrvace
15%
Jadran Poreč
15%
Neretvanac Opuzen
15%
Pazinka
15%
Mladost Ždralovi
14%
Rudar Labin
14%
Vodice
14%
Zagora Unešić
14%
Zmaj Makarska
13%
GOŠK Kaštela
12%
Grobničan
12%
Primorac Biograd
12%
Buje
11%
Gaj Mače
11%
Hrvatski Vitez Posedarje
11%
Kurilovec
11%
Ponikve
11%
Radnik Križevci
11%
Uskok Klis
11%
Vrapče
11%
Medulin 1921
10%
Nehaj Senj
10%
Zagorec Krapina
10%
Bistra
9%
Graničar
9%
Graničar Kotoriba
9%
Kraljevica
9%
Mladost Petrinja
9%
Naprijed Hreljin
9%
Oriolik Oriovac
9%
Sava Strmec
9%
Slavonija Požega
9%
Vinodol
9%
Dinamo Odranski Obrež
8%
Kutjevo
8%
Podravina Ludbreg
8%
Čepin
7%
Halubjan Viškovo
7%
Bedem Ivankovo
6%
Borac Kneževi Vinogradi
6%
Dinamo Domašinec
6%
Pitomača
6%
Polet Sveti Martin na Muri
6%
Slavija Pleternica
6%
Tondach Bedekovčina
6%
Valpovka Valpovo
6%
Lukavec
5%
Rudar Mursko Središće
4%
Sloga Mravince
4%
Sloga Nova Gradiška
4%
Svačić Stari Slatinik
4%
Tomislav Cerna
4%
Tomislav Donji Andrijevci
4%
Vuteks-Sloga Vukovar
4%
Zelina
4%
No matching quizzes found
Score Distribution
Percent of People with Each Score
Percentile by Number Answered
Your Score History
You have not taken this quiz